000 00812nas1a22002531i 4500
001 RU\NLR\INFOCOMM18\1000096326
005 20240725214138.0
035 _a(NLR Aleph) 002757095
090 _a2196432
_c2196432
100 _a20040211c1973 |||y0rusy50 ca
101 0 _arus
102 _aRU
110 _azyu||||0|y0
200 1 _aГидроакустика
_eТермины и определения
_fАкуст. ин-т АН СССР
210 _aМ.
_d1973-
309 _aОтпеч. множит. аппаратом
712 0 2 _aАкустический институт им. Н.Н. Андреева
_cМосква
_4570
801 1 _aRU
_bInfoComm
_c20040211
801 0 _aRU
_bNLR
_gPSBO
852 _aNLR
_jС315-190/Г46
942 _cSE
980 _aRUSPER